KOHA-Header-6

Osborne SQL The Complete Reference (Record no. 7827)

000 -LEADER
fixed length control field 00269nam a2200109Ia 4500
100 ## - MAIN ENTRY--AUTHOR NAME
Personal name Groff, Weinberg
245 #0 - TITLE STATEMENT
Title Osborne SQL The Complete Reference
260 ## - PUBLICATION, DISTRIBUTION, ETC. (IMPRINT)
Place of publication USA
Name of publisher McGraw-Hill
Year of publication 2000
300 ## - PHYSICAL DESCRIPTION
Number of Pages 994
942 ## - ADDED ENTRY ELEMENTS (KOHA)
Koha item type Books
Holdings
Withdrawn status Lost status Permanent Location Current Location Date acquired Full call number Accession Number Koha item type
    MAJU MAJU 2019-09-12 005.2 2000 Books

Powered by Koha